000 00399cam a22001217a 4500
008 180718b1973 xxu||||| |||| 00| 0 eng d
082 _aA99 G151 Iy9
100 _aIyer, Raghavan N.
245 _aMoral and political thought of Mahatma Gandhi
_cby Raghavan N. Iyer
260 _aBombay
_bOxford University
_c1973
300 _a449p.
650 _aGandhi, Mahatma, 1869-1948. Political ethics.Nonviolence.
999 _c414684
_d414684